| 000 | 00889nam a22002417a 4500 | ||
|---|---|---|---|
| 001 | 114674 | ||
| 003 | DR-UNIBE | ||
| 005 | 20260520115334.0 | ||
| 008 | 260520b2001 ec ||||| |||| 00| 0 spa d | ||
| 020 | _a9978420118 | ||
| 040 |
_aBIBLIOTECA UNIBE _cBIBLIOTECA UNIBE _erda |
||
| 041 | _aspa | ||
| 082 | _a342.866 B734a | ||
| 100 |
_9205232 _a Borja Gallegos, Fernando _eautor |
||
| 245 | 1 | 0 |
_aApuntes para una clase de derecho constitucional y territorial ecuatoriano / _cFernando Borja Gallegos |
| 260 |
_aQuito : _bDigital Press, _c2005 |
||
| 300 | _a247 páginas | ||
| 500 | _aEn la cubierta: Aquí existió un país : su noble pueblo no pudo contra la corrupción : enero 2005. | ||
| 650 | 7 |
_2lemb _aDerecho constitucional _zEcuador _9205237 |
|
| 650 | 7 |
_2lemb _aCorrupción política _zEcuador _y Siglo XXI _9205238 |
|
| 653 | 0 | 0 | _aDerecho territorial -- Ecuador |
| 942 |
_2ddc _cBK |
||
| 999 |
_c114674 _d114674 |
||